Domestiques et Maitres a propos de quelques crimes récents
Guardat en:
| Autor principal: | |
|---|---|
| Format: | Llibre |
| Idioma: | espanyol |
| Publicat: |
París
Société des gens de lettres
1885
|
| Matèries: | |
| Etiquetes: |
Afegir etiqueta
Sense etiquetes, Sigues el primer a etiquetar aquest registre!
|
MARC
| LEADER | 00000nam a2200000 a 4500 | ||
|---|---|---|---|
| 001 | UCZ8176 | ||
| 003 | CL-VaPUC | ||
| 008 | 960119e18850000FR |||||||||||||||||spa|d | ||
| 082 | 0 | 4 | |a 306.362 |b DEN |2 21 |
| 100 | 0 | |a Denru, E |e author |9 353383 | |
| 245 | 1 | 0 | |a Domestiques et Maitres a propos de quelques crimes récents |
| 300 | |a 266 p | ||
| 942 | |c BK | ||
| 945 | |d 19960119 00:00:00 |a rleighto | ||
| 260 | |a París |b Société des gens de lettres |c 1885 | ||
| 650 | 0 | |a Historia |9 255047 | |
| 650 | 0 | |a Esclavitud |9 323605 | |
| 650 | 7 | |a SERVIDUMBRE |2 CL-VaPUC |9 353384 | |
| 651 | 0 | |a Francia |9 255157 | |
| 583 | |a last modification |c 19960119 00:00:00 |k Rodrigo Vera | ||
| 999 | |c 244127 |d 244125 | ||
| 952 | |0 0 |1 0 |4 0 |6 306_362000000000000_DEN_1885 |7 0 |8 X |9 258083 |a BIBHIS |b BIBHIS |d 2019-11-19 |i 3166228 |o 306.362 DEN 1885 |p 3166228 |r 2024-01-30 |w 2019-11-19 |y BK_X |k HIS | ||